Anleitung zum Betriebe der Landwirthschaft nach den vier Jahreszeiten geordnet ein kurzer und deutlicher Leitfaden für solche, welche dieses Gewerbe ernst kennen lernen wollen und für Freunde desselben in anderen Ständen Zweiter Band

Bibliographic Details
Main Author: Schweitzer, August Gottfried, 1788-1854 (Author)
Corporate Author: Baumgärtners Buchhandlung (Lipsko, Nemecko) (Printer)
Format: Book
Language:German
PhysicalDescription:VI, to jest 6, 440 strán 8°
Published: Leipzig Baumgätners Buchhandlung 1833
Subjects:

MARC

LEADER 00000nam a2200000 4500
001 vtls012251949
003 SK-MaSNL
005 20260301105742.0
008 251112s1833 gw f 000 0 ger
015 |a SNBHFA 
040 |a SNKHF  |b slo  |c SNK  |e rda 
041 0 |a ger 
044 |a gw  |c DE 
072 7 |a 63  |x Poľnohospodárstvo a príbuzné oblasti vedy a techniky  |2 konspekt 
080 |a 632  |2 2011 
080 |a 632.6/.7  |2 2011 
080 |a 632.6  |2 2011 
100 1 |a Schweitzer, August Gottfried,  |d 1788-1854  |4 aut  |9 237086 
245 1 0 |a Anleitung zum Betriebe der Landwirthschaft nach den vier Jahreszeiten geordnet  |b ein kurzer und deutlicher Leitfaden für solche, welche dieses Gewerbe ernst kennen lernen wollen und für Freunde desselben in anderen Ständen  |n Zweiter Band  |c Von Dr. A. G. Schweitzer, Professor der Landwirthschaft in Tharandt und mehrerer gelehrten Gesellschaften Mitglied 
264 1 |a Leipzig  |b Baumgätners Buchhandlung  |c 1833 
300 |a VI, to jest 6, 440 strán  |c 8° 
336 |a text  |b txt  |2 rdacontent 
337 |a bez média  |b n  |2 rdamedia 
338 |a zväzok  |b nc  |2 rdacarrier 
500 |a Linky, tabuľky 
501 |a Príväzok 1. k: SCHWEITZER, August Gottfried. Anleitung zum Betriebe der Landwirthschaft nach den vier Jahreszeiten geordnet, Erster Band. Leipzig: Baumgätners Buchhandlung, 1832.  |5 SNK IC 146183/1-2 
508 |a Predslov autora 
510 4 |a WorldCat  |c 830696223 
546 |a Nemčina  |b Fraktúra 
650 0 7 |a poľnohospodárstvo  |2 SNKPH  |9 679 
650 0 7 |a ekonómia  |2 SNKPH  |9 788 
650 0 7 |a farmári  |2 SNKPH  |9 29004 
700 1 |a Zaiová, Margita,  |d 1868-1937  |4 fmo  |9 186369 
710 2 |a Baumgärtners Buchhandlung (Lipsko, Nemecko),  |d 1799-1939  |4 prt  |9 201697 
752 |a Nemecko  |d Lipsko 
852 |a Slovenská národná knižnica  |b Zaiova knižnica: Zay 7383 (Z 8716)  |p IC 146183/1-2/prív.1 
958 |a ONDV 
958 |a DA 
999 |c 701613  |d 703543 
952 |t Zay 7383 (Z 8716)  |a SNK  |b SNK  |c SNK_HF  |y PREZ  |7 0  |p 17A1487155  |o snkIC 146183/1-2/prív.1  |i snk2024/3724  |8 5  |z 1. príväzok  |0 0  |1 0  |4 0  |d 2024-03-05  |l 0  |r 2026-02-23 21:00:51  |w 2026-02-23